000 00318nam a2200133Ia 4500
008 230917s9999||||xx |||||||||||||| ||und||
040 _e140551
_aMAIN
041 _aEnglish
082 _a954.82 C418S
100 _aChellam, V.T.
245 0 _aShort survey of the history of Tamilnadu
260 _c231
942 _cBK
999 _c204788
_d204788